Countries With a Stronger Military Than All Neighbors - Statistics

General Stats
  • This quiz has been taken 2,257 times
    151 since last reset
  • The average score is 15 of 19
Answer Stats
Country % Correct
Russia
99%
United States
99%
France
98%
United Kingdom
96%
South Africa
87%
Turkey
87%
Indonesia
83%
Israel
79%
South Korea
79%
Sweden
79%
Algeria
77%
Dominican Republic
76%
Saudi Arabia
75%
Nigeria
74%
Ethiopia
71%
Thailand
65%
Honduras
58%
Angola
40%
Ivory Coast
33%
No matching quizzes found
Score Distribution
Percent of People with Each Score
Percentile by Number Answered
Your Score History
You have not taken this quiz since the last reset